00710nam a2200193 a 450000100100000000500170001000800410002704000250006808200140009310000300010724500860013726000400022330000370026350400330030070000450033304900090037895201120038799900170049900002178420200930011441.0100913s1990 dr ac 000 0 spa d aDO-SdBNPbspacBNPHU axxxbC3391 aCasanueva, Roberto94525413aEl libro, su diseño /cRoberto Casanueva ; edición Guadalupe Hechavarría R. aSantiago de Cuba :bOriente,c1990. a281 p. :bil. ; retrs. ;c19 cm. aBibliografías : p. 271-2761 aHechavarría R. , Guadalupeeed.945255 aBNPD 0010718PDaPDbPDcCTd2010-09-13iLF1l0oxxx C339p21784-10r2020-06-25w2020-06-25yLFPDZNo se presta c21283d21283